|
|
|
|
| LEADER |
00000cam a2200000 4500 |
| 001 |
vtls012129552 |
| 003 |
SK-MaSNL |
| 005 |
20260301055344.0 |
| 008 |
220331t2022 xo g 010 f slo |
| 015 |
|
|
|a SNBA2022/08
|
| 020 |
|
|
|a 9788022023726
|q (viazané)
|
| 040 |
|
|
|a SNK
|b slo
|c SNK
|e rda
|
| 041 |
1 |
|
|a slo
|h eng
|
| 044 |
|
|
|a xo
|c SK
|
| 072 |
|
7 |
|a 821.111-3
|x Anglická próza, anglicky písaná
|2 konspekt
|
| 080 |
|
|
|a 821.111-31
|2 2011
|
| 080 |
|
|
|a (0:82-312.4)
|2 2011
|
| 100 |
1 |
|
|a Hannah, Sophie,
|d 1971-
|4 aut
|9 158750
|
| 240 |
1 |
0 |
|a Closed casket
|l Slovensky
|
| 245 |
1 |
0 |
|a Záhada zavretej schránky
|c Sophie Hannahová ; z anglického originálu Closed casket ... preložila Alexandra Ruppeldtová
|
| 264 |
|
1 |
|a Bratislava
|b Slovenský spisovateľ
|c [2022]
|
| 264 |
|
4 |
|c ©2022
|
| 300 |
|
|
|a 269 strán
|c 21 cm
|
| 336 |
|
|
|a text
|b txt
|2 rdacontent
|
| 337 |
|
|
|a bez média
|b n
|2 rdamedia
|
| 338 |
|
|
|a zväzok
|b nc
|2 rdacarrier
|
| 500 |
|
|
|a Nad názvom uvedené: Agatha Christie ® (so značkou trade mark, nejedná sa o autorskú rolu, vzťahuje sa k literárnej postave Hercula Poirota, vytvorenej Agathou Christie, ktorou bolo dielo Sophie Hannah inšpirované)
|
| 655 |
|
7 |
|a anglické romány
|2 SNKPH
|9 70428
|
| 655 |
|
7 |
|a detektívne romány
|2 SNKPH
|9 70455
|
| 655 |
|
7 |
|a English fiction
|2 SNKPHeng
|9 109944
|
| 655 |
|
7 |
|a Detective novels
|2 SNKPHeng
|9 121444
|
| 700 |
1 |
|
|a Ruppeldtová, Alexandra,
|d 1954-
|4 trl
|9 90839
|
| 700 |
1 |
|
|i Inšpirované:
|a Christie, Agatha,
|d 1890-1976
|t Hercule Poirot
|9 368828
|
| 919 |
|
|
|a 978-80-22023-72-6
|
| 954 |
|
|
|a beletria cudzojazyčná (svetová)
|2 lita
|
| 958 |
|
|
|a LX
|
| 958 |
|
|
|a UP
|
| 968 |
|
|
|b ENG
|
| 999 |
|
|
|c 613172
|d 615102
|
| 952 |
|
|
|a SNK
|b SNK
|y PREZ
|7 0
|p 17A1481362
|o snkSC 196863
|i snk2022/5293
|8 0
|0 0
|1 0
|4 0
|d 2022-04-07
|f 1
|l 0
|r 2025-10-16 00:00:00
|w 2026-02-23
|
| 952 |
|
|
|a SNK
|b SNK
|y PREZ
|7 0
|p 17A1481363
|o snkSC 196863 D1
|i snk2022/5294
|8 0
|0 0
|1 0
|4 0
|d 2022-04-07
|l 0
|r 2026-02-23 16:29:36
|w 2026-02-23
|